Taylor Swift - Devine la chanson sans indices #17 - Statistiques

Statistiques générales
  • Ce quiz a été pris 446 fois
  • Le résultat moyen est 331 sur 500
Statistiques - réponses
Réponse % Correct
I
99%
a
98%
you
98%
You
98%
the
94%
The
94%
Oh
93%
oh
93%
whoa
93%
an
90%
He
88%
me
88%
to
87%
do
86%
do,
86%
Do
86%
and
85%
And,
85%
And
85%
C'mon
85%
it
85%
She
85%
she
85%
in
84%
on
83%
is
82%
what
82%
your
82%
ha
81%
when
81%
where
81%
no
79%
was
79%
who
79%
did
77%
did)
77%
go
77%
so
77%
So
77%
hear
76%
that
74%
wear,
73%
for
72%
like
72%
not
72%
you're
72%
all
71%
I'm
71%
think
71%
(Think
71%
her
70%
say
70%
have
69%
know
69%
they
69%
don't
67%
but
66%
But
66%
could
66%
him
66%
him,
66%
it's
66%
of
66%
than
66%
there
66%
There
66%
are
65%
better
65%
had
65%
with
65%
witth
65%
about
64%
never
64%
She's
63%
she's
63%
'Cause
61%
revenge
61%
revenge,
61%
just
60%
should
60%
at
58%
ever
58%
Now
58%
Time
58%
would
57%
actress,
56%
I'll
55%
make
54%
nothing
54%
from
53%
get
53%
got
53%
up
53%
corner
52%
thing
52%
sabotage
50%
saw
50%
summer
50%
wanted
50%
right
49%
saint
49%
faster
48%
how
48%
took
48%
came
47%
didn't
47%
mind
47%
stand
47%
story
47%
keep
46%
little
46%
applause
45%
friends
45%
gonna
45%
or
45%
Or
45%
over
45%
people
45%
Won't
45%
last
44%
hot
43%
looks
43%
stealing
43%
Stealing
43%
along,
42%
always
42%
flame
42%
let's
42%
Let's
42%
other
42%
coming,
41%
holding
41%
starts
41%
toys
41%
dealing
40%
many
40%
moth
40%
playground
40%
See
40%
wanna
40%
find
39%
matches,
39%
people's
39%
Soon
39%
things,
39%
down
38%
alone,
37%
life
37%
suspected
37%
some
36%
underestimated
36%
doing
35%
list
35%
much
35%
thinks
35%
trend
35%
feel
34%
name
34%
still
34%
eyes
33%
party
33%
dignity
32%
drum
32%
might
32%
school
32%
another
31%
honey
31%
pain
31%
amount
30%
psycho
30%
show
30%
teach
30%
vintage
30%
word
30%
dresses
29%
prep
29%
beating
28%
heard
28%
isn't
28%
rhyme
28%
troubling
28%
gives
27%
haven't
27%
roll
26%
pushing
25%
Sophistication
25%
present
20%
nor
19%
frown
18%
deserve
17%
Aucun quiz correspondant
Distribution des résultats
% des personnes avec chaque résultat
Percentile par nombre de réponses
Votre historique - résultats
Vous n’avez pas pris ce quiz